| 000 | 00555nam a2200169Ia 4500 | ||
|---|---|---|---|
| 005 | 20250923145343.0 | ||
| 008 | 008 250917s9999 xx 000 0 eng d | ||
| 037 | _aTextual | ||
| 040 |
_aDSWL _beng _cDSWL |
||
| 041 |
_aeng _2eng |
||
| 084 | _qDSWL | ||
| 100 |
_aJain, Anant Kumar _9834394 |
||
| 245 | 0 |
_aSingle Service organizations: A comparitive study of twelve abortion clinics in ohio _c by Anant Kumar Jain |
|
| 260 |
_bOhio School of Applied Social Sciencescase Western Reserve Western _c1977 |
||
| 942 | _cTEXL | ||
| 999 |
_c1450350 _d1450350 |
||